000 01499cam a22004458i 4500
001 on1375545437
003 OCoLC
005 20240308093952.0
008 230920s2024 nyu d 000 1 eng
010 _a 2023036257
020 _a9781250903990
_q(hardcover)
020 _a1250903998
_q(hardcover)
020 _z9781250904003
_q(ebook)
035 _a(OCoLC)1375545437
040 _aDLC
_beng
_erda
_cDLC
_dOCLCF
_dOCLCO
_dCHILD
_dOCLCO
_dCCPLG
_dJAS
_dOCLCO
_dCQC
_dSXP
_dUOK
042 _apcc
043 _an-us-ny
049 _aUOKA
050 4 _aPS3612.O744
_bG48 2024
050 0 0 _aPZ7.1.L676
_bGe 2024
082 0 0 _a[Fic]
_223
092 _aYA LORD 2024
100 1 _aLord, Emma
_eauthor.
_941099
245 1 4 _aThe getaway list :
_ba novel /
_cEmma Lord.
250 _aFirst edition.
300 _a310 pages ;
_c22 cm
520 _aHigh school graduate Riley sets of to New York to find Tom, her childhood best friend and co-creator of the Getaway List of adventures they wanted to do together.
521 _aAges 12-18.
_bWednesday Books.
650 0 _aFriendship
_vJuvenile fiction
650 0 _aInterpersonal relations
_vJuvenile fiction
650 1 _aFriendship
_vFiction.
650 1 _aInterpersonal relations
_vFiction.
651 0 _aNew York (N.Y.)
_vJuvenile fiction.
651 1 _aNew York (N.Y.)
_vFiction.
655 7 _aRomance fiction
_2lcgft
655 7 _aNovels
_2lcgft
904 _a3931343
_b03931343
_c202403931343
942 _2ddc
_cBK
999 _c128707
_d128707
999 _b03938570